000 00468nam a22001697a 4500
005 20260202153545.0
008 260202b |||||||| |||| 00| 0 eng d
020 _a978-178583556-8
100 _aTOWARD GARY
245 _aCELEBRATING TEACHERS: MAKING A DIFFERENCE
260 _aWILLISTON
_bCROWN HOUSE PUBLISHING LIMITED
_c2021
300 _aIX,166P.
500 _aINCLUDES AN INDEX
650 _aTEACHERS TEACHING
700 _aCHRIS HENLEY
942 _2lcc
_cBK
999 _c216508
_d216508